000 00222nam a2200097Ia 4500
008 190216s9999||||xx |||||||||||||| ||und||
100 _aTolstoy
245 0 _aMalayalam-Shileen
260 _bCurrent Books
942 _cBK
999 _c30323
_d30323